000 01490nam0a2200325 4500
001 RU\NLR\bibl\561022
005 20260406055522.0
010 _a5-7533-0295-5
_95000
021 _aRU
_b2004-20673
_91050
035 _a(NLR Aleph) 000553139
090 _a1485241
_c1485241
100 _a20041011d2004 |||y0rusy50 ca
101 0 _arus
102 _aRU
105 _aa |||||||||
200 1 _aПравда веры и жизни
_eЖитие и тр. священномученика протоирея Иоанна Восторгова
_e[К 10-летию возрождения моск. ставропигиал. Срет. монастыря 1924-2004
_fСост., предисл. и прим. свящ. Афанасий Гумеров]
210 _aМ.
_cСрет. монастырь
_d2004
215 _a366 с., [1] л. цв. ил.
_cил.
_d24
320 _aБиблиогр. в тексте и в подстроч. прим.
600 1 _aВосторгов
_bИ.И.
_f1867 - 1918
_gИоанн Иоаннович
_92352669
_3RU\NLR\auth\661405464
686 _aЭ372.24-574.8
702 1 _4570
_7ca
_8rus
_aВосторгов
_bИ. И.
_f1867-1918
_gИоанн Иоаннович
_9119695
_3RU\NLR\AUTH\779899
702 1 _4220
_7ca
_8rus
_aГумеров
_bА.
_gАфанасий
_9118368
_3RU\NLR\AUTH\778463
801 0 _aRU
_bNLR
_c20041011
_gPSBO
801 1 _aRU
_bNLR
_c20041011
942 _cBOOK
980 _aNB